Derecho privado romano.
Guardat en:
| Autor principal: | |
|---|---|
| Format: | Llibre |
| Idioma: | espanyol |
| Publicat: |
Madrid, España:
Distribuidora Dykinson,
1979-1980.
|
| Matèries: | |
| Etiquetes: |
Afegir etiqueta
Sense etiquetes, Sigues el primer a etiquetar aquest registre!
|
MARC
| LEADER | 00000nam a2200000 a 4500 | ||
|---|---|---|---|
| 001 | UCT6078 | ||
| 003 | CL-VaPUC | ||
| 005 | 20240401121834.0 | ||
| 008 | 961230e19790000SP |||||||||||||||||spa|d | ||
| 999 | |c 254810 |d 254808 | ||
| 020 | |a 84-300-2911-7 (v.II) | ||
| 040 | |c Pontificia Universidad Católica de Valparaíso | ||
| 082 | 0 | 4 | |a 340.54 GAR 1979 |2 21 |
| 082 | 0 | 4 | |a 340.54 GAR 1980 (v.II) |2 21 |
| 100 | |a García Garrido, Manuel Jesús |e autor |9 573676 | ||
| 245 | 1 | 0 | |a Derecho privado romano. |
| 260 | |a Madrid, España: |b Distribuidora Dykinson, |c 1979-1980. | ||
| 300 | |a 2 Volúmenes. | ||
| 500 | |a c.1 Volumen II: Donación Familia Prof. Alejandro Guzmán Brito. c.2 Volumen II: Donación Familia Prof. Alejandro Guzmán Brito. | ||
| 505 | |a v.I: Instituciones. v.II: Casos y decisiones jurisprudenciales. | ||
| 583 | |a last modification |c 19961230 00:00:00 |k Rodrigo Vera | ||
| 650 | 0 | |a Derecho romano |9 255930 | |
| 650 | 0 | |a Propiedad |9 255268 | |
| 650 | 0 | |a Posesión |9 258681 | |
| 650 | 0 | |a Obligaciones |9 255578 | |
| 650 | 0 | |a Delitos |9 224143 | |
| 650 | 0 | |a Contratos |9 255153 | |
| 650 | 0 | |a Familias |9 255641 | |
| 650 | 0 | |a Herencia |9 256325 | |
| 942 | |c BK |2 ddc |n 0 | ||
| 945 | |d 19961230 00:00:00 |a rleighto | ||
| 952 | |0 0 |1 0 |4 0 |6 340_540000000000000_GAR_1979 |7 0 |8 A |9 276697 |a BIBDER |b BIBDER |d 2019-11-19 |h v.1 |i 3265765 |l 3 |m 3 |o 340.54 GAR 1979 |p 3265765 |r 2025-03-05 |s 2024-11-18 |w 2019-11-19 |y BK |k DER | ||
| 952 | |0 0 |1 0 |4 0 |6 340_540000000000000_GAR_1979 |7 0 |8 DER_ROM |9 276698 |a BIBDER |b BIBDER |d 2019-11-19 |h v.1 |i 1894412 |o 340.54 GAR 1979 |p 1894412 |r 2023-01-25 |w 2019-11-19 |x Ubicación 4to piso |y BK |z Este recurso debe solicitarse con anticipación |k DER | ||